|
|
|
|
| LEADER |
00739nam a22002292a 4500 |
| 001 |
001457758 |
| 003 |
CZ BrMZK |
| 005 |
20150323103026.0 |
| 007 |
ta |
| 008 |
150224s1954 xo a er|||||||||||slo d |
| 040 |
|
|
|a ABA001
|b cze
|c ABA001
|d ABA001
|d BOA001
|
| 100 |
1 |
|
|a Tatarka, Dominik,
|d 1913-1989
|7 jn19990008429
|4 aut
|
| 245 |
1 |
0 |
|a Radostník /
|c Dominik Tatarka
|
| 250 |
|
|
|a 1. vyd.
|
| 260 |
|
|
|a Bratislava :
|b Slovenský spisovateľ,
|c 1954
|
| 300 |
|
|
|a 227 s. :
|b il. ;
|c 8°
|
| 490 |
1 |
|
|a Pôvodná próza ;
|v zv. 56
|
| 830 |
|
0 |
|a Pôvodná próza (Slovenský spisovateľ)
|0 s
|
| 910 |
|
|
|a BOA001
|b 2-0325.904
|
| 990 |
|
|
|a BK
|
| 991 |
|
|
|b 201502
|
| 996 |
7 |
|
|b 2618803866
|c 2-0325.904
|l MZK
|r Sklad / do 24 hodin
|n 0
|w 001492754
|u 000010
|a 1
|e BOA001
|j MZK50
|s A
|